00463 a2200157 4500010001400000020001100014035001300025037001500038082000800053100002300061245007300084260004300157270005400200300002600254700002500280 aENG-88153 c400.00 aEN-71686 bDBAD / PUB14a8811 aJai Shankar Prasad1 aKamayani /cby Jai Shankar Prasad; translated by Prabhu Datta Sharma aNew DelhibResearch Publicationsc2004 a2/44, Ansari Road, DaryaganjbNew Delhie110 002. avii, 191p.c22 cm(HB)1 aSharma, Prabhu Datta